<?xml version="1.0" encoding="UTF-8"?>
<collection xmlns="http://www.loc.gov/MARC21/slim">
 <record>
  <leader>00504cam a2200157 7i4500</leader>
  <controlfield tag="001">0000016878</controlfield>
  <controlfield tag="005">20020710090000.0</controlfield>
  <datafield tag="020" ind1="#" ind2="0">
   <subfield code="a">9839340190 </subfield>
  </datafield>
  <datafield tag="090" ind1="0" ind2="0">
   <subfield code="a">T 58.5 </subfield>
   <subfield code="b">T266</subfield>
  </datafield>
  <datafield tag="245" ind1="0" ind2="0">
   <subfield code="a">Teknologi dan sistem maklumat  </subfield>
   <subfield code="c">penyunting: Rose Alinda Alias.</subfield>
  </datafield>
  <datafield tag="260" ind1="#" ind2="#">
   <subfield code="a">Malaysia: </subfield>
   <subfield code="b">McGraw-Hill (Malaysia) Sdn. Bhd., </subfield>
   <subfield code="c">2000.</subfield>
  </datafield>
  <datafield tag="300" ind1="#" ind2="#">
   <subfield code="a">100 p.: </subfield>
   <subfield code="b">ill.; </subfield>
   <subfield code="c">27 cm.</subfield>
  </datafield>
  <datafield tag="504" ind1="0" ind2="0">
   <subfield code="a">Mengandungi bibliografi</subfield>
  </datafield>
  <datafield tag="650" ind1="0" ind2="0">
   <subfield code="a">Information technology </subfield>
  </datafield>
  <datafield tag="700" ind1="0" ind2="1">
   <subfield code="a">Rose Alinda Alias </subfield>
  </datafield>
  <datafield tag="999" ind1=" " ind2=" ">
   <subfield code="a">2000131001</subfield>
   <subfield code="b">Book</subfield>
   <subfield code="c">Open Shelf</subfield>
   <subfield code="e">KOLEKSI TERBUKA</subfield>
  </datafield>
 </record>
</collection>
